'91 Petrol-İş = Yearbook for 1991 (Record no. 7023)

MARC details
000 -BAŞLIK
Sabit Uzunlukta Kontrol Alanı 00820na a2200265 4500
001 - KONTROL NUMARASI
Denetim Alanı 17486
003 - KONTROL NUMARASI IDENTIFIER
Denetim Alanı MIRAKIL
005 - SON İŞLEM TARİHİ VE ZAMANI
Denetim Alanı 20181213155126.0
008 - SABİT-BOY VERİ ELEMANLARI - GENEL BİLGİLER
Sabit Uzunlukta Kontrol Alanı 161031b tu 000 0
035 ## - SİSTEM KONTROL NUMARASI
Sistem Kontrol Numarası 17486
040 ## - KATALOGLAMA KAYNAK
Orijinal Kataloglama Ajansı Milas
Kataloglama Dili tur
Metne Dönüştürmek Ajansı TR-AnCHP
082 ## - DEWEY ONLU SINIFLANDIRMA NUMARASI
Sınıflandırma Numarası 330.9561039
Ürün Numarası T96 1991
090 ## - SINIFLAMA NUMARASI
Sınıflama Numarası 330.9561039 T96 1991
110 ## - ANA GİRİŞ - KURUMSAL ADI
Giriş Elemanı Olarak Kurumsal Ad Veya Yargı Alanı Adı Türkiye Petrol, Kimya, Lastik İşçileri Sendikası
245 ## - BAŞLIK TABLOSU
Başlık '91 Petrol-İş = Yearbook for 1991
Sorumluluk Tablosu, Vb Türkiye Petrol, Kimya Lastik İşçileri Sendikası
260 ## - YAYIN, DAĞITIM, VB
Yayın, Dağıtım, Vb Yeri İstanbul
Yayıncı, Dağıtıcı, Vs Adı Petrol-İş
Yayın, Dağıtım, Vb Tarihi 1992
300 ## - FİZİKSEL TANIM
Kapsam 575 s.
Diğer Fiziksel Ayrıntıları res., tbl. , graf.
Boyutlar 24 sm.
490 ## - SERİSİ TABLOSU
Seri Beyanı Publication
Hacim / Ardışık Tanımı 28
490 ## - SERİSİ TABLOSU
Seri Beyanı Petrol - İş Yayın
Hacim / Ardışık Tanımı 28
504 ## - KAYNAKÇA VB NOT
Kaynakça Vb Notu Kaynakça var.
650 ## - KONU KATMA GİRİŞ - TOPİKAL DÖNEM
Topikal Süreli Veya Coğrafi Ad Giriş Elemanı Petrol
Coğrafi Alt Bölümü Türkiye
650 ## - KONU KATMA GİRİŞ - TOPİKAL DÖNEM
Topikal Süreli Veya Coğrafi Ad Giriş Elemanı Sendikalar
Coğrafi Alt Bölümü Türkiye
650 ## - KONU KATMA GİRİŞ - TOPİKAL DÖNEM
Topikal Süreli Veya Coğrafi Ad Giriş Elemanı Ekonomi
Genel Alt Bölümü Petrol
Coğrafi Alt Bölümü Türkiye
942 ## - EKLENDİ GİRİŞ ELEMANLARI (KOHA)
Sınıflandırma Veya Raf Düzeni Kaynak
Koha Öğesi Türü Books
999 ## - SİSTEM KONTROL NUMARALARI (KOHA)
Koha Biblionumber 7023
Koha Biblioitemnumber 7023
Holdings
Kalıcı Konum Mevcut Konum Edinme Tarihi Edinim Kaynak Toplam Check-Out'Lar Tam Çağrı Numarası Barkod Tarih Son Görülme İtibaren Geçerli Fiyatlar Koha Öğesi Türü
CHP Kütüphanesi CHP Kütüphanesi 10/25/2016 Bağış   330.9561039 T96 1991 008533 10/25/2016 10/25/2016 Books